The classical theory of fields / (Record no. 88679)

MARC details
000 -LEADER
campo de control de longitud fija 00574nam a2200181 i 4500
001 - NÚMERO DE CONTROL
campo de control 88679
003 - IDENTIFICADOR DE NÚMERO DE CONTROL
campo de control ES-MaACL
005 - FECHA Y HORA DE LA ÚLTIMA TRANSACCIÓN
campo de control 20230906175913.0
007 - CAMPO FIJO DE DESCRIPCIÓN FÍSICA--INFORMACIÓN GENERAL
campo de control de longitud fija t|
008 - DATOS DE LONGITUD FIJA--INFORMACIÓN GENERAL
campo de control de longitud fija 050105s1951 xxu ||||1| eng d
100 1# - ENTRADA PRINCIPAL--NOMBRE DE PERSONA
Nombre de persona Landau, L.
9 (RLIN) 69930
245 14 - MENCIÓN DEL TÍTULO
Título The classical theory of fields /
Mención de responsabilidad, etc. by L. Landau and E. Lifshitz ; translated from the russian by Norton Hamermesh.
260 ## - PUBLICACIÓN, DISTRIBUCIÓN, ETC.
Lugar de publicación, distribución, etc. Massachusetts :
Nombre del editor, distribuidor, etc. Addison-Wesley,
Fecha de publicación, distribución, etc. 1951.
300 ## - DESCRIPCIÓN FÍSICA
Extensión IX, 354 p. ;
Dimensiones 23 cm.
700 1# - ENTRADA AGREGADA--NOMBRE PERSONAL
Nombre de persona Lifshitz, E.
9 (RLIN) 72267
700 1# - ENTRADA AGREGADA--NOMBRE PERSONAL
Nombre de persona Hamermesh, Norton.
9 (RLIN) 61650
852 ## - LOCALIZACIÓN
Ubicación ES-MaACL
Número de control de estantería C-10908
Sublocalización o colección R.39113
Holdings
Estatus retirado Estado de pérdida Estado de daño No para préstamo Biblioteca de origen Biblioteca actual Ubicación en estantería Fecha de adquisición Fuente de adquisición Total de préstamos Signatura topográfica completa Código de barras Visto por última vez Precio de reemplazo Tipo de ítem Koha
        Biblioteca del Ateneo de Madrid Biblioteca del Ateneo de Madrid Sala Palomar 17/01/2008     C-10908 1092628 23/02/2023 23/02/2023 Libro impreso